| 000 | 00473nam a2200193Ia 4500 | ||
|---|---|---|---|
| 005 | 20240823010941.0 | ||
| 008 | 240823s9999||||xx |||||||||||||| ||und|| | ||
| 041 | _aENGLISH | ||
| 082 | _A004.6 N9 | ||
| 100 | _a"Kinnaman,Dave" | ||
| 245 | 0 | _aNetworking Essentials Exam 70-058 | |
| 250 | _a1st | ||
| 260 |
_c1999 _b"TMH,New Delhi" |
||
| 500 | _aTRANSFERED | ||
| 650 |
_aNetworking _bComputer Science |
||
| 700 | _a" Ballew,LouAnn" | ||
| 942 | _cBK | ||
| 999 |
_c160108 _d160108 |
||